00536nam a22001457a 4500082001700000100002400017245005000041250001200091260005700103300002800160563000700188880004200195880007900237880007400316 a891.439bNAY aNayyar, Nasir Abbas aLisaniyat aur Tanqeed / cNasir Abbas Nayyar. a2nd Ed. aIslamabad: bPoorab Academy (Purab Academy), c2014. a320 pages; c21.5 cm. aHB 6100-01\(3\raناصر عباس نیر 6245-02\(3\raلسانیات اور تنقید / bناصر عباس نیر 6260-03\(3\raاسلام آباد: bپوراب اکیڈمی,c2014.